000 00584nam a2200169 a 4500
008 161221s2016 ||||||||||||||||| || u
020 _a9780670922192
050 _aQB 521 Gre
100 _aGreen, Lucie
245 1 0 _a15 million degrees: a journey to the centre of the sun
_cby Lucie Green
260 _aFalkirk
_bPenguin Books
_c2016
300 _a296p.:ill.
350 _a0.00
650 0 _aPHYSICS
650 _aSUN
995 _FCBU-MAIN LIBRARY (Kitwe)
_I0.00
_M1
_UAVAILABLE
_WDec 21, 2016
_ZMain Library Open Access Collection
999 _c33057
_d33057